000 00703nam a22002177a 4500
003 koha_MIRAKIL
005 20250924123841.0
008 250924b tur||||| |||| 00| 0 tur d
020 _a9786052857618
040 _aTR-IsEVY
_btur
_cTR-IsEVY
082 _aFIC STR/N
100 _aStrong, Jeremy
245 0 _aNeli Buzgibi ve plastik ada /
_cJeremy Strong ; resimleyen Jamie Smith.
250 _a2. bs.
260 _aİzmir :
_bTudem,
_c2023.
300 _a71 s. :
_brenkli resimli ;
_c19 cm.
490 0 _aSen de Oku ;
_v3. kitap.
650 _aÇocuk Edebiyatı.
_vÇocuk Hikayeleri.
_vÇevre Kirliliği.
_vDeniz Kirliliği.
_vPlastikler.
700 1 _aSmith, Jamie.
_cresimleyen.
942 _2ddc
_cBK
999 _c22626
_d22626